STN EN 13286-1: 2022 (73 6181), Nestmelené a hydraulicky stmelené zmesi Časť 1 Skúšobné metódy na laboratórne stanovenie porovnávacej objemovej hmotnosti a vlhkosti. Úvod, všeobecné požiadavky a odber vzoriek
Táto slovenská technická norma je slovenskou verziou európskej normy EN 13286-1: 2021. Preklad zabezpečil Úrad pre normalizáciu, metrológiu a skúšobníctvo Slovenskej republiky. Táto norma má rovnaké postavenie, ako majú oficiálne verzie
| Ďalší autori: | |
|---|---|
| Médium: | Kniha |
| Jazyk: | slovenčina angličtina |
| Fyzický popis: | 12 s. grafy, tabuľky 30 cm |
| Vydavateľské údaje: |
Bratislava
Úrad pre normalizáciu, metrológiu a skúšobníctvo Slovenskej republiky
2022
|
| Predmet: |
MARC
| LEADER | 00000cam a2200000 a 4500 | ||
|---|---|---|---|
| 001 | vtls012142297 | ||
| 003 | SK-MaSNL | ||
| 005 | 20260302062529.0 | ||
| 008 | 220711s2022 xo da fru 000 0 slo | ||
| 015 | |a SNBN2024 | ||
| 040 | |a SNK |b slo |c SNK |e AACR2 | ||
| 041 | 1 | |a slo |h eng | |
| 044 | |a xo |c SK | ||
| 046 | |a s |m 20220701 (účin.) | ||
| 072 | 7 | |a 624 |x Stavebné inžinierstvo |2 2011 | |
| 080 | |a 625.7/.8 |2 2011 | ||
| 080 | |a 006.7/.8 |2 2011 | ||
| 080 | |a (437.6) |2 2011 | ||
| 080 | |a (4) |2 2011 | ||
| 084 | |a 93.080.20 |2 ICS | ||
| 130 | 0 | |a STN 73 6181 (STN EN 13286-1) |9 722665 | |
| 245 | 1 | 0 | |a STN EN 13286-1: 2022 (73 6181), Nestmelené a hydraulicky stmelené zmesi |n Časť 1 |p Skúšobné metódy na laboratórne stanovenie porovnávacej objemovej hmotnosti a vlhkosti. Úvod, všeobecné požiadavky a odber vzoriek |
| 246 | 1 | 0 | |a Nestmelené a hydraulicky stmelené zmesi. Časť 1 |
| 246 | 1 | 0 | |a Skúšobné metódy na laboratórne stanovenie porovnávacej objemovej hmotnosti a vlhkosti |
| 246 | 1 | 0 | |a Úvod, všeobecné požiadavky a odber vzoriek |
| 246 | 3 | 0 | |a EN 13286-1: 2021 SK |
| 260 | |a Bratislava |b Úrad pre normalizáciu, metrológiu a skúšobníctvo Slovenskej republiky |c 2022 | ||
| 300 | |a 12 s. |b grafy, tabuľky |c 30 cm | ||
| 500 | |a Súbežný názov v angličtine, francúzštine, nemčine | ||
| 500 | |a Spracovateľ: TSÚS, n.o., pobočka Košice, Ján Gillinger | ||
| 500 | |a Táto slovenská technická norma nahrádza anglickú verziu STN EN 13286-1 z februára 2022, ktorá od 1.2.2022 nahradila STN EN 13286-1 z mája 2004 v celom rozsahu | ||
| 504 | |a Normatívne referenčné dokumenty, súvisiace právne predpisy s. 2 ; literatúra s. 12 | ||
| 520 | 8 | |a Táto slovenská technická norma je slovenskou verziou európskej normy EN 13286-1: 2021. Preklad zabezpečil Úrad pre normalizáciu, metrológiu a skúšobníctvo Slovenskej republiky. Táto norma má rovnaké postavenie, ako majú oficiálne verzie | |
| 540 | |a STN vydané na akomkoľvek nosiči sa môžu rozmnožovať a rozširovať iba so súhlasom určenej právnickej osoby |b SÚTN Bratislava |c zákon 60/2018 Z. z. | ||
| 650 | 0 | 7 | |a cestné staviteľstvo |2 SNKPH |9 51013 |
| 650 | 0 | 7 | |a technické normy a štandardy |z Slovensko |2 SNKPH |9 79594 |
| 650 | 0 | 7 | |a technické normy a štandardy |z krajiny Európskej únie |2 SNKPH |9 289341 |
| 650 | 0 | 7 | |a pozemné staviteľstvo |2 SNKPH |9 68234 |
| 650 | 0 | 7 | |a Highway constructing |2 SNKPHeng |9 52165 |
| 655 | 7 | |a normy |2 SNKPH |9 70643 | |
| 700 | 1 | |a Gillinger, Ján |4 trl |9 320900 | |
| 710 | 1 | |a Slovensko. |b Úrad pre normalizáciu, metrológiu a skúšobníctvo |4 stn |9 158117 | |
| 710 | 2 | |a Slovenský ústav technickej normalizácie (Bratislava, Slovensko). |b Technická komisia č. 94 Cestné staviteľstvo |4 stn |9 307007 | |
| 710 | 2 | |a TSÚS (Košice, Slovensko) |4 stn |9 366982 | |
| 852 | |a Štátna vedecká knižnica v Banskej Bystrici | ||
| 958 | |a OP | ||
| 958 | |a NB | ||
| 999 | |c 1129608 |d 1131538 | ||
| 952 | |a SNK |b SNK |y PREZ |7 0 |p 17A1544704 |o snkSTN EN 13286-1 |i snk2024/2897 |8 0 |0 0 |1 0 |4 0 |d 2024-02-20 |l 0 |r 2026-02-24 18:58:04 |w 2026-02-24 | ||


